Responses for Show #698 - Wednesday, September 23, 1987

Roy Holliday game 3.

Contestants

[<< previous game]

Pam Clem, a computer auditor from Granada Hills, California

Gerald Price, a journalism professor originally from Los Angeles, California

Roy Holliday, a radiologist from Brooklyn, New York (whose 2-day cash winnings total $23,800)

[next game >>]

Jeopardy! Round responses

U.S. GEOGRAPHY
CARS
POULTRY
FIELD HOCKEY
THE 17th CENTURY
ARMS & THE MAN
(Alex: We are going for characters and the weapons they are associated with.)
    $100 3
Washington state

Roy
    $100 11
gasoline (fuel)

Roy
    $100 1
(Roy: What are roosters?)
(Pam: What are chickens?)

geese

RoyGeraldPam
    $100 2
(Roy: Uh, what's a tip-in?)

a dribble

RoyPam
    $100 5
six feet

Roy
    $100 22
Dirty Harry

Roy
    $200 7
Georgia

Pam
    $200 12
tires

Roy
    $200 4
a rooster

Gerald
    $200 6
Versailles

Pam
    $200 23
the Shadow

Roy
    $300 8
(Roy: What is Wa--what is Montana?)
(Pam: What is Washington?)

Oregon

RoyPam
Triple Stumper
    $300 13
(Alex: Yes, it was called the Nomad.)

a Corvette

Roy
    $300 19
a pigeon

Roy
    $300 15
Cromwell

Pam
    $300 24
Paladin

Gerald
    $400 9
Miami

Gerald
    $400 14
airplanes

Triple Stumper
    $500 20
(Roy: What is "Turkey In The Straw"?)
...
(Alex: We've got a minute to go.)

chicken

Roy
    $400 16
the Romanovs

Gerald
    $400 25
Philip Marlowe

Pam
    $500 10
(Roy: What is the St. Lawrence River?)

the Niagara River

Roy
Triple Stumper
    $500 18
Rolls Royces

Pam
    $500 21
a mallard

Roy
    $500 17
Amsterdam

Pam
    $500 26
[The end-of-round signal sounds.]

James Bond

Gerald

Scores at the first commercial break (after clue 11):

Roy Gerald Pam
-$700 $700 $100

Scores at the end of the Jeopardy! Round:

Roy Gerald Pam
$400 $1,900 $1,800

Double Jeopardy! Round responses

HISTORICAL NICKNAMES
OLD RADIO
THE LAW
CONDUCTORS
ENGLISH AUTHORS
"OF"
    $200 23
Jesus Christ

Roy
    $200 15
(Alex: Yes, he didn't show up until the second program.)

Fred Astaire

Roy
    $200 24
the state

Pam
    $200 1
Fantasia

Gerald
    $200 2
of thee I sing

Pam
    $400 22
[NOTE: This was the 465,000th clue entered into the J! Archive, on 2023-04-13.]

Benjamin Franklin

Roy
    $400 14
The Honeymooners

Gerald
    $400 25
(Roy: What is [**]?)
(Gerald: What is [*]?)
(Alex: [After listening to judges] We are going to have to accept your response, Roy, although the original [**] was abolished in 1911, the new U.S. [*] is certainly referred to as the U.S.[**] of Appeals.)
...
(Alex: We've got a minute to go.)

the Court of Appeals (Circuit Court)

Roy
    $400 4
Leonard Bernstein

Pam
    $400 29
[The end-of-round signal sounds.]

Nana

Gerald
    $400 16
King of Hearts

Roy
    $600 3
Winston Churchill

Roy
    $600 19
Art Linkletter

Roy
    $600 26
a capital offense

Roy
    $600 8
the Boston Symphony

Gerald
    $600 7
Pope

Roy
    $600 9
prisoners of war

Roy
    $800 5
(Gerald: Who is Adolf Hitler?)

Napoleon

Gerald
Triple Stumper
    $800 20
Duffy's Tavern

Gerald
    $800 27
breach of contract

Roy
    $800 10
(Alex: He won 24 as of last year.)

Grammys

Roy
    $800 17
(Roy: Who is Samuel Johnson?)

Charles Dickens

Roy
Triple Stumper
    $1,000 12
(Pam: Who is the jack of diamonds?)

the ace of clubs

Pam
    $1000 6
the Duke of Wellington

Pam
    $1,000 21
an organ

Gerald
    $1000 28
(Roy: Who is Blackwell?)

Sir William Blackstone

Roy
Triple Stumper
    $1000 11
Paul Muni

Pam
    $1000 18
Graham Greene

Triple Stumper
    $1000 13
Christ of the Andes

Triple Stumper

Scores at the end of the Double Jeopardy! Round:

Roy Gerald Pam
$4,800 $4,500 $3,600

[wagering suggestions for these scores]

Final Jeopardy! Round responses

WORLD POLITICS
PamWhat are the USA and Canada?
$3,599
GeraldWhat are U.S., Canada?
$4,300
RoyWhat are the U.S. & Canada?
$4,400
United States & Canada

Final scores:

Roy Gerald Pam
$9,200 $8,800 $7,199
3-day champion: $33,000 2nd place: trip on Eastern to St. Thomas & stay at Frenchman's Reef 3rd place: Lloyd/Flanders Heirloom wicker furniture

Game dynamics:

Coryat scores:

Roy Gerald Pam
$5,300 $4,500 $4,600
21 R,
7 W
(including 1 DD)
12 R
(including 1 DD),
1 W
12 R,
3 W
(including 1 DD)

Combined Coryat: $14,400

[game clues] [game scores] [suggest correction]

Game tape date: 1987-06-17
The J! Archive is created by fans, for fans. Scraping, republication, monetization, and malicious use prohibited; this site may use cookies and collect identifying information. See terms. The Jeopardy! game show and all elements thereof, including but not limited to copyright and trademark thereto, are the property of Jeopardy Productions, Inc. and are protected under law. This website is not affiliated with, sponsored by, or operated by Jeopardy Productions, Inc. Join the discussion at JBoard.tv.